=LDR 00000nam 2200000 4500 =001 INLIS000000000015429 =005 20130612110717 =008 ***********************************Indo** =035 ##$$0010-061300000015429 =041 ##$$a Indo =082 ##$$a F.Rom K =090 ##$$a F. Rom K, Pri =100 ##$$a Priambodo =245 ##$$a Akhirnya Dia Sadar, Priambodo =260 ##$$a 1994 $b Jakarta =300 ##$$a 58 hlm, ilus, 20 cm =650 ##$$a Fiksi Kanak-Kanak =850 ##$$a NBPNMAT